Fußballer anhand von der Rückseite ihrer Trikots erkennen - Statistiken

Allgemein
  • Dieses Quiz wurde 547 mal gespielt
  • Das Durchschnittsergebnis liegt bei 6 aus 10
Antwortstatistiken
Bildquiz Antwort % Korrekt
Lionel Messi
100%
Cristiano Ronaldo
88%
Killian Mbappe
88%
Antoine Griezmann
68%
Leroy Sane
62%
Toni Kroos
58%
Luka Modric
43%
Cole Palmer
35%
Ronaldo Nazario
19%
Gareth Bale
18%
Keine übereinstimmenden Quizze gefunden
Verteilung der Resultate
Anzahl Personen mit jedem Resultat
Perzentil nach korrekt beantworteten Fragen
Ihre Resultats-Entwicklung
Sie haben dieses Quiz noch nicht gespielt